00459nam a2200157Ia 4500008004100000020001800041041000800059082001800067100001900085245002300104260003900127300000900166440006000175500004700235700001900282230125s9999 xx 000 0 und d a1-84112-359-5 aeng a658.4092bKIP aKippenberger T aLeadership Express c2002bCapstone publicationaLondon a120p aEssential Management Thinking At Your Fingertips Series aLeadership;Series Book;Leading Series Book aKippenberger T